=LDR 00000nam 2200000 4500 =001 INLIS000000000037505 =005 20130612143233 =008 ***********************************Ind** =035 ##$$0010-061300000037505 =041 ##$$a Ind =082 ##$$a 398.259 8 =090 ##$$a 398.259 8, Mah c =100 ##$$a Maharani, Monica ciri =245 ##$$a Cerita rakyat asli Indonesia, Penulis Naskah Monica Ciri Maharani =260 ##$$a 2009 $b Jakarta =300 ##$$a 140 hlm, Ilus, 28 cm =650 ##$$a Cerita Rakyat Indonesia =850 ##$$a NBPNMAT